| 000 | 00560nam a2200217 a 4500 | ||
|---|---|---|---|
| 001 | BRL_999 | ||
| 005 | 20190320211003.0 | ||
| 008 | 301013s1964----mx-#######---#000-1#spa-# | ||
| 041 | _aspa | ||
| 044 | _amx | ||
| 050 | 4 |
_aPQ7297.G37 _b.F54 1964 |
|
| 100 | 1 |
_aGarcía Ponce, Juan _925528 |
|
| 245 | 1 | 0 |
_aFigura de paja _cJuan García Ponce. |
| 260 |
_aMéxico _bJoaquín Mortiz _c1964 |
||
| 300 |
_a157 p. _c18 cm. |
||
| 440 | 0 |
_aSerie el volador _925529 |
|
| 500 | _aAu1137 | ||
| 650 | 1 | 4 |
_anovela mexicana _ySiglo XX _923904 |
| 902 | _aGRL | ||
| 942 |
_2lcc _cB |
||
| 999 |
_c9811 _d9811 |
||